| 000 | 00564nam a2200205Ia 4500 | ||
|---|---|---|---|
| 005 | 20250508152706.0 | ||
| 008 | 008 250505s9999 xx 000 0 eng d | ||
| 037 | _aTextual | ||
| 040 |
_aFEDL _beng _cFEDL |
||
| 041 |
_aeng _2eng |
||
| 084 |
_a080, TAG _qFEDL |
||
| 100 | _aSEN N B | ||
| 245 | 0 | _aWit and wisdom of Rabindranath Tagore | |
| 260 |
_aNew Delhi, India _bNew Book Society of India _c1961 |
||
| 300 | _a384p | ||
| 365 |
_aINR _b23 |
||
| 650 |
_aRabindranath Tagore _9725967 |
||
| 942 |
_cTEXL _h080, TAG |
||
| 999 |
_c1338086 _d1338086 |
||